| 000 | 00000nam##2200000za#4500 |
| 001 | 9.550590 |
| 003 | CaOODSP |
| 005 | 20220405153324 |
| 007 | ta |
| 008 | 150406|2006||||xxc||||| f|0| 0 eng|d |
| 022 | |a0226-4587 |
| 040 | |aCaOODSP|beng |
| 041 | |aeng |
| 041 | |afre |
| 043 | |an-cn--- |
| 086 | 1 |aP29-32-310-2006-1-1 |
| 110 | 2 |aCanadian General Standards Board. |
| 245 | 10|aOrganic production systems general principles and management standards |
| 260 | |aOttawa - Ontario : |bCanadian General Standards Board |cDecember 2009. |
| 300 | |aEnglish text, 30p. ; |c28 cm. |
| 490 | 1 |aNational standard of Canada |x0226-4587 |vCAN/CGSB-32.310-2006, Amendment No. 1 |
| 563 | |aLoose-leaf |
| 590 | |a10-07|b2010-02-19 |
| 776 | 0#|tOrganic production systems - general principles and management standards |w(CaOODSP)9.579692 |
| 776 | 0#|tSystèmes de production biologique - principes généraux et normes de gestion |w(CaOODSP)9.607019 |
| 792 | |tSystèmes de production biologique, principes généraux et normes de gestion |efre|w(CaOODSP)9.550591 |
| 830 | #0|aNational standard of Canada,|x0226-4587 |vCAN/CGSB-32.310-2006, Amendment No. 1|w(CaOODSP)9.509558 |